| 000 | 00789nam a2200241Ia 4500 | ||
|---|---|---|---|
| 008 | 130821s1997 xxu gr eng | ||
| 020 | _a9780942299328 | ||
| 040 |
_aCo-BoUCM _bspa |
||
| 041 | 0 | 0 | _aeng |
| 100 | 1 |
_aDe Landa, Manuel _958733 |
|
| 245 | 1 | 2 |
_aAthousand years of nonlinear history _cManuel DeLanda |
| 260 |
_aNueva York (Estados Unidos) _bZone Books _c1997 |
||
| 300 | _a333 páginas | ||
| 490 | 0 | _aSwerve Editions | |
| 504 | _aIncluye referencias bibliográficas e índice. | ||
| 650 | 0 | 4 |
_aCiencia _xFilosofía _942111 |
| 650 | 0 | 4 |
_aCiencia _xHistoria _943013 |
| 650 | 0 | 4 |
_aCiencias naturales _910813 |
| 650 | 0 | 4 |
_aGeología _xHistoria _916364 |
| 650 | 0 | 4 |
_aTeorías no lineales _925338 |
| 942 |
_cLIBRO _a25 _e1 _mD278t _2DEWEY _h501 |
||
| 999 |
_c40228 _d40228 |
||